Money-making advertising: a guide to advertising that sells
Guardat en:
| Autor principal: | |
|---|---|
| Format: | Llibre |
| Idioma: | anglès |
| Publicat: |
Nueva York
John Wiley
1981
|
| Matèries: | |
| Etiquetes: |
Afegir etiqueta
Sense etiquetes, Sigues el primer a etiquetar aquest registre!
|
MARC
| LEADER | 00000nam a2200000 a 4500 | ||
|---|---|---|---|
| 001 | UCX0466 | ||
| 003 | CL-VaPUC | ||
| 008 | 891023e19810000US |||||||||||||||||eng|d | ||
| 082 | 0 | 4 | |a 659.1 |b WAD |2 21 |
| 100 | 0 | |a Wademan, Víctor |e author |9 315886 | |
| 245 | 1 | 0 | |a Money-making advertising: a guide to advertising that sells |
| 300 | |a 142 p | ||
| 942 | |c BK | ||
| 945 | |d 19891023 00:00:00 | ||
| 260 | |a Nueva York |b John Wiley |c 1981 | ||
| 650 | 0 | |a Publicidad |9 314572 | |
| 583 | |a last modification |c 19891023 00:00:00 |k Rodrigo Vera | ||
| 999 | |c 222064 |d 222062 | ||
| 952 | |0 0 |1 0 |4 0 |6 659_100000000000000_WAD_1981 |7 0 |8 A |9 216258 |a BIBCUR |b BIBCUR |d 2019-11-15 |i 2848597 |o 659.1 WAD 1981 |p 2848597 |r 2025-04-22 |w 2019-11-15 |y BK |k BCB | ||